| 000 | 00407nam a2200169Ia 4500 | ||
|---|---|---|---|
| 008 | 230524s9999 xx 000 0 und d | ||
| 082 |
_a658.12 _bMAT |
||
| 100 | _aJohn H.Mathews | ||
| 245 | 0 | _aNumerical Methods Using Matlab | |
| 250 | _a4TH | ||
| 260 |
_aNEW DELHI _bPHI _c2009 |
||
| 300 | _aV;673 | ||
| 500 | _aQuantity Number: 5 | ||
| 650 | _aMathematics | ||
| 700 | _a Kurtis D.Fink | ||
| 942 | _cBK | ||
| 999 |
_c46478 _d46478 |
||